Statistics for Crowd-Sourced General Knowledge #17

Click here to take the quiz!

General Stats

  • This quiz has been taken 33,564 times
  • The average score is 12 of 20

Answer Stats

QuestionAnswer% Correct
What is the largest country that doesn't share a land border with any other country?Australia
96%
What do the stars on the U.S. flag represent?The 50 States
91%
What is something with a pH over seven called?A base
87%
What does the © symbol mean?Copyright
83%
According to Guinness, what is the best-selling book of all time?
The Bible
82%
What is the longest mountain chain on Earth, not counting underwater ranges?Andes
77%
Who was the first female pilot to fly solo across the Atlantic?Amelia Earhart
72%
What term from the Soviet era means "fellow citizen"?Comrade
71%
What 1978 sequel was advertised with the tagline
"Just when you thought it was safe to go back in the water..."?
Jaws 2
67%
In Russia he's Иван, in France he's Jean, in Italy he's Giovanni. What is he in Spain?Juan
67%
What word means to sail all the way around something, such as the world for example?Circumnavigate
62%
What animal is very common in European heraldry, despite being extinct in
Europe for at least 1000 years?
Lion
56%
Whose summer retreat is located at Castel Gandolfo, about 25 km southeast of Rome?The Pope
55%
What movie's main character is named Michael J. Dundee?Crocodile Dundee
53%
What famous novel invented the terms "thoughtcrime" and "doubleplusgood"?Nineteen Eighty-Four
53%
What occurs twice each year, around 20 March and 23 September?Equinox
50%
What country's largest ethnic group are known as Magyars?Hungary
46%
What is another name for the Strait of Gibraltar?Pillars of {Hercules}
25%
Put on your thinking cap ... What is Sudan's largest port on the Red Sea?Port Sudan
24%
In 1400, who became the first poet to be buried in Poet's Corner in Westminster Abbey?
Geoffrey Chaucer
23%

Score Distribution

Percentile by Number Answered

Percent of People with Each Score

Your Score History

You have not taken this quiz